000 00228 a2200097 4500
001 14537
100 _aKhurshid Ahmad
245 _aIslam its meaning message
260 _aLondon
_bIslamic council of eu
_c
090 _c11366
_d11366
942 _aNUST-CAE
_cM
_c1521
999 _c249610
_d249610